| 000 | 01081nas a2200361 4500 | ||
|---|---|---|---|
| 001 | BR0501708 | ||
| 003 | BR-BrBNA | ||
| 005 | 20231205105300.0 | ||
| 007 | ta | ||
| 008 | 230509b bl.|||p| |||| 00| 00por d | ||
| 040 |
_aBR-BrBNA _bpor _cBiblioteca Nacional de Agricultura |
||
| 041 | _a(Pt) | ||
| 072 | _aJ11 | ||
| 100 | 1 | _aChapper, M. | |
| 100 | 1 | _aLoureiro, M.E. | |
| 100 | 1 | _aMosquim, P.R. | |
| 100 | 1 | _aAraújo, W.L. | |
| 100 | 1 | _aPereira, A. da S. | |
| 100 | 1 | _aFinger, F.L. | |
| 100 | 1 | _aSimões, A.N. | |
| 245 | 1 | _aMudanças metabólicas após recondicionamento a 15 graus Celcius de tubérculos de batata armazenados a baixa temperatura | |
| 650 | _aBATATA | ||
| 650 | _aSOLANUM TUBEROSUM | ||
| 650 | _aARMAZENAMENTO DE ALIMENTO | ||
| 650 | _aMETABOLISMO | ||
| 650 | _aTEMPERATURA | ||
| 650 | _aSACAROSE | ||
| 650 | _aVARIEDADE | ||
| 650 | _aRIO GRANDE DO SUL | ||
| 773 | 0 |
_tHorticultura Brasileira (Brazil) _xISSN 0102-0536 _g(Oct-Dec 2004), v. 22(4) p. 700-705 _wBR0501708 |
|
| 909 |
_a202311 _bLúcia _c55 _dLúcia Elande |
||
| 942 |
_2AGRIS _n0 _cANA |
||
| 999 |
_c182166 _d182166 |
||